000 00568nam a22001817a 4500
005 20251108172901.0
008 250721s9999 xx 000 0 ara d
082 1 4 _a600.068/سيف
100 1 _aسيفين، لطفي لويز
245 1 0 _aإدارة و تخطيط التكنولوجيا : رؤية معاصرة /
264 1 _aالقاهرة :
_bدار غريب للنشر و التوزيع،
300 _a160ص
650 1 7 _aالتكنولوجيا
650 1 7 _aإدارة الأعمال
650 1 7 _aالإدارة
942 _2ddc
_cBK
999 _c90889
_d90889